| 000 | 01449nam0a22003491 4500 | ||
|---|---|---|---|
| 001 | RU\INFOCOMM_322\NLR\5000204056 | ||
| 005 | 20250613111321.0 | ||
| 035 | _a(NLR Aleph) 009585748 | ||
| 090 |
_a9219215 _c9219215 |
||
| 100 | _a20130228d1968 |||y0rusy50 ca | ||
| 101 | 0 | _aeng | |
| 102 | _aRU | ||
| 105 | _ay z ||||| | ||
| 200 | 1 |
_aNew sources and methods of producing electricity _f[By] Prof. ... M. D. Miillionshchikov, D. Sc. [and] Prof. V. A. Baum, D. Sc. ... |
|
| 210 |
_a[M. _d1968] |
||
| 215 |
_a26 с. _d21 см |
||
| 225 | 1 |
_aGeneral report _fVII World power conference, Москва, 20-24 авг. 1968. Section C4 |
|
| 300 | _aБез тит. л. и обл. | ||
| 300 | _aНадзаголовок также на рус. яз.: VII Мировая энергетическая конференция; и на фр. яз.: VII Confèrence mondiale de l'énergie | ||
| 309 | _aОтпеч. множит. аппаратом | ||
| 606 | 0 |
_aЭлектрическая энергия _xИсточники _2nlr_sh1 |
|
| 620 | _aМосква | ||
| 686 |
_aТ7-760 _2rubbk |
||
| 700 | 1 |
_9z01790 _aMillionščikov _bM. D. _f1913- _gMichail Dmitrievič |
|
| 701 | 1 |
_aBaum _bV. A. _gValentin Alekseevič |
|
| 712 | 1 | 2 |
_aWorld power conference _d7 _eMoscow _f1968 _4570 |
| 790 | 1 |
_9z01700 _aMillionshchikov _bM. D. _4070 |
|
| 801 | 1 |
_aRU _bInfocomm _c20130228 |
|
| 801 | 0 |
_aRU _bINFOCOMM _gPSBO |
|
| 852 |
_aNLR _jТ21 Д-4/18 |
||
| 942 | _cBOOK | ||
| 980 | _aNB | ||